Tous les candidats à L' élection présidentielle de 2022 en France - Statistiques

Statistiques générales
  • Ce quiz a été pris 26 fois
  • Le résultat moyen est 9 sur 12
Statistiques - réponses
Parti politique Candidats % Correct
Rennaisance Emmanuel Macron
96%
Rassemblement national Marine Le Pen
96%
Reconquête Eric Zemmour
87%
La France insoumise Jean-Luc Mélenchon
83%
Lutte ouvrière Nathalie Arthaud
74%
Les républicains Valérie Pécresse
74%
Socialiste Anne Hidalgo
70%
Communiste Fabien Roussel
70%
NPA Philippe Poutou
70%
écologiste Yannick Jadot
61%
Debout pour la France Nicolas Dupont-Aignan
48%
RES Jean Lassalle
43%
Aucun quiz correspondant
Distribution des résultats
% des personnes avec chaque résultat
Percentile par nombre de réponses
Votre historique - résultats
Vous n’avez pas pris ce quiz